000 00197 a2200097 4500
020 _a9780001712904
041 _aeng
100 _aTheo LeSieg
245 _aWoul Yuo rather be a Bullfrog
942 _cK
999 _c31235
_d31233